000 02106nam a2200445 i 4500
999 _c45435
_d45435
001 768717001
003 CO-MdFUSB
005 20200813093730.0
007 ta
008 171122t1999 mau |||| |||| 00| 0 eng d
020 _a9781565634534
020 _a1565634535
040 _aCO-MdFUSB
_bspa
_cCO-MdFUSB
_dCO-MdFUSBC
_erda
041 0 _aeng
082 0 4 _a23
_2226.406
_bC121m
100 1 _aCadbury, Henry J. (Henry Joel), 1883-1974
_eautor
245 4 _aThe making of Luke-Acts
_c / Henry J. Cadbury
264 1 _aMassachusetts :
_bHendrickson Publishers,
_c[1999]
264 4 _c© 1999
300 _axii, 385 páginas
_c; 22 cm
336 _2rdacontent
_atexto
_btxt
337 _2rdamedia
_asin mediación
_bn
338 _2rdacarrier
_avolumen
_bnc
500 _aColección Dawn Christina Harrell
505 _aLucas-Hechos: Su interés y unidad - Factores en la composición - Etapas en la historia del material - Motivos en la transmisión del material - Formas en la transmisión de los materiales - Fuentes escritas inmediatas - El evangelio de Marcos - Q - El lenguaje común - Tipos literarios - Formas populares - Tratamiento de los predecesores - Tratamiento de los predecesores: Un paralelo con Josefo -Discursos, cartas y cánticos - Formalia literaria - La personalidad del autor - Lenguaje y estilo - Algunos intereses seculares - Actitudes sociales y religiosas - Actitudes teológicas - El propósito del autor - El objeto de Lucas-Hechos - El plan y el alcance de su tarea - Enfoque de su tema - Autoría y precisión
563 _aPasta dura
650 7 _aCrítica textual
_9482
650 0 _aBiblia
_916
653 _aBible. -- Luke -- Criticism, interpretation, etc.
653 _aBible. -- Acts -- Criticism, interpretation, etc.
653 _aBible. -- Acts.
653 _aBible. -- Luke.
653 _a Biblia. - Lucas - La crítica, interpretación, etc
653 _aBiblia. - Hechos - La crítica, interpretación, etc.
653 _aBiblia. - Lucas
653 _aBiblia - Hechos
942 _cBK
945 _aJTF-925